0502-秋田内陸縦貫鉄道の駅 - Statistics

General Stats
  • This quiz has been taken 87 times
  • The average score is 15 of 29
Answer Stats
本線 % Correct
角館
90%
鷹巣
85%
阿仁合
77%
阿仁マタギ
74%
笑内
66%
西鷹巣
65%
縄文小ヶ田
61%
阿仁前田温泉
60%
前田南
53%
比立内
53%
羽後太田
53%
松葉
50%
羽後長戸呂
50%
奥阿仁
48%
左通
48%
合川
47%
上桧木内
47%
大野台
45%
西明寺
45%
米内沢
42%
小渕
42%
荒瀬
42%
萱草
42%
岩野目
42%
戸沢
42%
羽後中里
42%
八津
40%
上杉
39%
桂瀬
35%
No matching quizzes found
Score Distribution
Percent of People with Each Score
Percentile by Number Answered
Your Score History
You have not taken this quiz